| 000 | 004980000a22001930004500 | ||
|---|---|---|---|
| 001 | 002270 | ||
| 003 | MACL | ||
| 005 | 20150825152114.0 | ||
| 008 | 150825b xxu||||| |||| 00| 0 eng d | ||
| 040 |
_aMACL _cMACL |
||
| 041 | _aEnglish | ||
| 082 | _a700/SEN | ||
| 100 |
_aSenapati, Rabindra Mohan _97367 |
||
| 245 |
_aArt And Culture of Orissa _cRabindra Mohan Senapati |
||
| 260 |
_aNew Delhi _c2004 _bPublication Division, |
||
| 350 | _a70 | ||
| 650 |
_aTechnology _97368 |
||
| 942 |
_k700 _cBK _2ddc |
||
| 999 |
_c14182 _d14182 |
||